Statistics for Canadian Shield States and Provinces

Click here to take the quiz!

General Stats

  • This quiz has been taken 39 times
  • The average score is 10 of 12

Answer Stats

State or Province% Correct
Ontario
100%
Quebec
100%
Manitoba
96%
Alberta
89%
Saskatchewan
89%
Minnesota
86%
Nunavut
86%
Michigan
82%
Newfoundland and Labrador
79%
Wisconsin
79%
New York
71%
Northwest Territories
68%

Score Distribution

Percentile by Number Answered

Percent of People with Each Score

Your Score History

You have not taken this quiz